Sports Quiz

Random Sports Quiz

1979 Hart Trophy voting Quiz Stats

 Plays Quiz not verified by Sporcle

Score 0/21 Timer 10:00
0 Plays Today
Team Player % Correct
New York IslandersBryan Trottier
97.8%
New York IslandersDenis Potvin
97.8%
Montreal CanadiensGuy Lafleur
95.7%
Los Angeles KingsMarcel Dionne
95.7%
New York IslandersMike Bossy
95.7%
Montreal CanadiensLarry Robinson
87%
Philadelphia FlyersBobby Clarke
82.6%
Toronto Maple LeafsDarryl Sittler
80.4%
Chicago BlackhawksTony Esposito
78.3%
New York RangersPhil Esposito
78.3%
Montrel CanadiensKen Dryden
78.3%
Team Player % Correct
Montreal CanadiensSerge Savard
76.1%
Toronto Maple LeafsBorje Salming
73.9%
Montreal CanadiensBob Gainey
56.5%
Boston BruinsBrad Park
50%
Buffalo SabresDon Edwards
47.8%
Toronto Maple LeafsMike Palmateer
43.5%
Colorado RockiesWilf Paiement
32.6%
Atlanta FlamesDan Bouchard
30.4%
Pittsburgh PenguinsDenis Herron
21.7%
Pittsburgh PenguinsRon Stackhouse
10.9%

You're not logged in!

Compare scores with friends on all Sporcle quizzes.
OR
Log In

Show Comments

Extras

Created Feb 24, 2012ReportNominate
Tags:1979, hart, player, point, received, team, trophy, vote, voting

Top Quizzes Today


Score Distribution

Your Account Isn't Verified!

In order to create a playlist on Sporcle, you need to verify the email address you used during registration. Go to your Sporcle Settings to finish the process.

Report this User

Report this user for behavior that violates our Community Guidelines.

Details: